El presidio en México en el siglo XVI /
Obra que describe y analiza cómo el establecimiento de fuertes y presidios fueron importantes instrumentos para la conquista de propiedades rurales e inmensos territorios en México, así como para su población. El autor presenta las características de los presidios, su función, traza y disposición ar...
Na minha lista:
| Autor principal: | |
|---|---|
| Outros Autores: | |
| Formato: | Livro |
| Idioma: | espanhol |
| Publicado em: |
México :
UNAM, Facultad de Arquitectura,
1995, c1995
|
| Colecção: | (Arquitectura UNAM ;
7) |
| Assuntos: | |
| Tags: |
Sem tags, seja o primeiro a adicionar uma tag!
|
MARC
| LEADER | 00000nam^a2200000^a^4500 | ||
|---|---|---|---|
| 001 | 000184923 | ||
| 005 | 20250521000000.0 | ||
| 009 | 20260310102133.842 | ||
| 020 | |a 968-36-4491-0 | ||
| 037 | |a Acervo ITESO - Biblioteca | ||
| 041 | |a ESP | ||
| 082 | |a 720. 97203 |b ARN | ||
| 100 | |a Arnal Simón, Luis |e (autor) | ||
| 245 | 1 | 3 | |a El presidio en México en el siglo XVI / |c L. Arnal Simón ; presen. de X. Cortés Rocha. |
| 264 | 4 | |a México : |b UNAM, Facultad de Arquitectura, |c 1995, c1995 | |
| 300 | |a 320 p. | ||
| 336 | |a texto |b txt |2 rdacontenido | ||
| 337 | |a sin mediación |b n |2 rdamedio | ||
| 338 | |a volumen |b nc |2 rdasoporte | ||
| 440 | 1 | |a (Arquitectura UNAM ; |v 7) | |
| 520 | |a Obra que describe y analiza cómo el establecimiento de fuertes y presidios fueron importantes instrumentos para la conquista de propiedades rurales e inmensos territorios en México, así como para su población. El autor presenta las características de los presidios, su función, traza y disposición arquitectónica, las circunstancias políticas y económicas de su construcción, así como la evolución que tuvieron algunos de ellos, hasta convertirse en grandes ciudades. | ||
| 649 | |a XX | ||
| 650 | |a Cárceles y Centros de Readaptación Social - |z México - |x Historia - |y Virreinato, 1535-1821 - |x Tema Principal | ||
| 650 | |a Cárceles y Centros de Readaptación Social - |z México - |x Historia - |y Epoca Colonial, 1517-1821 | ||
| 650 | |a Fuertes - |z México - |x Historia - |y Virreinato, 1535-1821 | ||
| 650 | |a Fuertes - |z México - |x Historia - |y Epoca Colonial, 1517-1821 | ||
| 650 | |a Arquitectura Militar | ||
| 650 | |a Arquitectura Virreinal - |x Historia y Crítica | ||
| 650 | |a Arquitectura Mexicana - |x Historia y Crítica | ||
| 650 | |a Arte Virreinal - |x Historia y Crítica | ||
| 650 | |a Arte Mexicano - |x Historia y Crítica | ||
| 650 | |a Población - |z México - |x Historia - |y Epoca Colonial, 1517-1821 | ||
| 650 | |a México - |x Historia - |y Epoca Colonial, 1517-1821 | ||
| 700 | |a Cortés Rocha, Xavier |e (presentación) | ||
| 910 | |a Fondo Julio de la Peña Lomelín | ||
| 920 | |a Impresos - Libros | ||
| 930 | |a Arquitectos Jaliscienses | ||
| 905 | |a 115 | ||
| 901 | |a 0500125877 |b IT1 |c JAL |u 20250521 | ||
| 902 | |a https://opac.biblio.iteso.mx/vufind/Record/000184923 | ||